African Nations with the Lowest Population-with exceptions - Statistics

General Stats
  • This quiz has been taken 16 times
  • The average score is 8 of 10
Answer Stats
Population Answer % Correct
864,618 Djibouti
93%
1,882,450 Gambia
93%
3,476,678 Liberia
93%
1,119,375 Eswatini
87%
1,530,673 Guinea-Bissau
87%
1,894,194 Lesotho
87%
1,222,442 Equatorial Guinea
80%
1,802,278 Gabon
80%
2,280,700 Namibia
73%
2,024,904 Botswana
60%
No matching quizzes found
Score Distribution
Percent of People with Each Score
Percentile by Number Answered
Your Score History
You have not taken this quiz